Statistics for Most Populated Countries and Continents - In Order

Click here to take the quiz!

General Stats

  • This quiz has been taken 228 times
  • The average score is 16 of 26

Answer Stats

ContinentCountryAnswer% Correct
4,298,723,000Asia
99%
1,375,220,000China
98%
1,285,440,000India
96%
1,110,635,000Africa
93%
742,452,000Europe
90%
565,265,000North America
88%
406,740,000South America
88%
322,983,000United States
87%
258,705,000Indonesia
77%
205,727,000Brazil
74%
192,964,098Pakistan
69%
186,988,000Nigeria
64%
159,995,000Bangladesh
60%
146,519,759Russia
59%
126,810,000Japan
56%
122,273,500Mexico
50%
102,904,900Philippines
44%
92,206,005Ethiopia
40%
81,459,000Germany
40%
90,523,400Egypt
39%
91,700,000Vietnam
38%
66,644,000France
36%
85,026,000DR Congo
35%
78,741,053Turkey
35%
79,060,800Iran
34%
65,252,552Thailand
33%

Score Distribution

Percentile by Number Answered

Percent of People with Each Score

Your Score History

You have not taken this quiz